000 00340nam a2200145Ia 4500
005 20251222144733.0
008 251222s9999||||xx |||||||||||||| ||spa||
020 _a9972717003
082 _a780.985.03/T35
100 _aTello, Aurelio
245 0 _aMúsica Barroca del Perú
250 _a1ra.ed.
264 _bAFP Integra
942 _cLIB
999 _c18684
_d18684